<?xml version="1.0" encoding="UTF-8"?>
<record
    xmlns:xsi="http://www.w3.org/2001/XMLSchema-instance"
    xsi:schemaLocation="http://www.loc.gov/MARC21/slim http://www.loc.gov/standards/marcxml/schema/MARC21slim.xsd"
    xmlns="http://www.loc.gov/MARC21/slim">

  <leader>03809nam a2200577Ia 4500</leader>
  <controlfield tag="001">5550</controlfield>
  <controlfield tag="008">241029s9999    xx            000 0 und d</controlfield>
  <datafield tag="010" ind1=" " ind2=" ">
    <subfield code="a">5234</subfield>
  </datafield>
  <datafield tag="041" ind1=" " ind2=" ">
    <subfield code="a">Espa&#xF1;ol</subfield>
  </datafield>
  <datafield tag="082" ind1=" " ind2=" ">
    <subfield code="a">MA-PSES-0022</subfield>
  </datafield>
  <datafield tag="245" ind1=" " ind2="0">
    <subfield code="a">Indisciplina escolar observada en estudiantes de 3ro. Y 4to. Grado, en el Nivel Medio del Liceo Vespertino Francisco Amad&#xED;s Pe&#xF1;a Cabral, Barahona, Rep. Dom., periodo lectivo 2012-2013</subfield>
  </datafield>
  <datafield tag="260" ind1=" " ind2=" ">
    <subfield code="a">Barahona</subfield>
  </datafield>
  <datafield tag="300" ind1=" " ind2=" ">
    <subfield code="a">95</subfield>
  </datafield>
  <datafield tag="520" ind1=" " ind2=" ">
    <subfield code="a">12</subfield>
  </datafield>
  <datafield tag="630" ind1=" " ind2=" ">
    <subfield code="a">Conducta Humana</subfield>
  </datafield>
  <datafield tag="630" ind1=" " ind2=" ">
    <subfield code="a">Desajustes Conductuales</subfield>
  </datafield>
  <datafield tag="630" ind1=" " ind2=" ">
    <subfield code="a">Desarrollo Humano</subfield>
  </datafield>
  <datafield tag="630" ind1=" " ind2=" ">
    <subfield code="a">Orientaci&#xF3;n Educativa</subfield>
  </datafield>
  <datafield tag="630" ind1=" " ind2=" ">
    <subfield code="a">Psicolog&#xED;a-Evaluaci&#xF3;n</subfield>
  </datafield>
  <datafield tag="650" ind1=" " ind2=" ">
    <subfield code="a">Disciplina escolar</subfield>
  </datafield>
  <datafield tag="690" ind1=" " ind2=" ">
    <subfield code="a">Elaborado</subfield>
  </datafield>
  <datafield tag="700" ind1=" " ind2=" ">
    <subfield code="e">asesor</subfield>
    <subfield code="a">D&#xED;az, Guillermo</subfield>
  </datafield>
  <datafield tag="700" ind1=" " ind2=" ">
    <subfield code="e">autor</subfield>
    <subfield code="a">Vargas, Isa Am&#xE9;rica</subfield>
  </datafield>
  <datafield tag="700" ind1=" " ind2=" ">
    <subfield code="e">autor</subfield>
    <subfield code="a">Vargas, Ramona</subfield>
  </datafield>
  <datafield tag="901" ind1=" " ind2=" ">
    <subfield code="a">{"1":"Vargas","2":"Vargas"}</subfield>
    <subfield code="b">{"1":"Isa Am&#xE9;rica","2":"Ramona"}</subfield>
  </datafield>
  <datafield tag="902" ind1=" " ind2=" ">
    <subfield code="a">1</subfield>
  </datafield>
  <datafield tag="903" ind1=" " ind2=" ">
    <subfield code="a">{"1":"D&#xED;az"}</subfield>
    <subfield code="b">{"1":"Guillermo"}</subfield>
  </datafield>
  <datafield tag="904" ind1=" " ind2=" ">
    <subfield code="a">Maestr&#xED;a Profesionalizante en</subfield>
  </datafield>
  <datafield tag="905" ind1=" " ind2=" ">
    <subfield code="a">Psicolog&#xED;a Escolar</subfield>
  </datafield>
  <datafield tag="906" ind1=" " ind2=" ">
    <subfield code="a">2</subfield>
  </datafield>
  <datafield tag="907" ind1=" " ind2=" ">
    <subfield code="a">NO APLICA</subfield>
  </datafield>
  <datafield tag="908" ind1=" " ind2=" ">
    <subfield code="a">NO APLICA</subfield>
  </datafield>
  <datafield tag="909" ind1=" " ind2=" ">
    <subfield code="a">Universidad Aut&#xF3;noma de Santo Domingo (UASD)</subfield>
  </datafield>
  <datafield tag="910" ind1=" " ind2=" ">
    <subfield code="a">NULL</subfield>
    <subfield code="b">NULL</subfield>
  </datafield>
  <datafield tag="911" ind1=" " ind2=" ">
    <subfield code="a">["1"]</subfield>
  </datafield>
  <datafield tag="912" ind1=" " ind2=" ">
    <subfield code="a">NO APLICA</subfield>
  </datafield>
  <datafield tag="913" ind1=" " ind2=" ">
    <subfield code="a">NULL</subfield>
  </datafield>
  <datafield tag="914" ind1=" " ind2=" ">
    <subfield code="a">01 de Enero de 2014</subfield>
  </datafield>
  <datafield tag="915" ind1=" " ind2=" ">
    <subfield code="a">07/03/17 06:03</subfield>
  </datafield>
  <datafield tag="916" ind1=" " ind2=" ">
    <subfield code="a">NULL</subfield>
  </datafield>
  <datafield tag="917" ind1=" " ind2=" ">
    <subfield code="a">NULL</subfield>
  </datafield>
  <datafield tag="918" ind1=" " ind2=" ">
    <subfield code="a">NO APLICA</subfield>
  </datafield>
  <datafield tag="919" ind1=" " ind2=" ">
    <subfield code="a">["46","57","58","148","173"]</subfield>
  </datafield>
  <datafield tag="520" ind1=" " ind2=" ">
    <subfield code="a">El objetivo principal de este estudio consisti&#xF3; en comprender la conceptualizaci&#xF3;n de la indisciplina estudiantil, desde la perspectiva de los actores escolares en el Liceo Secundario Vespertino Francisco Amadis Pe&#xF1;a, del Municipio de Cabral. Fue un estudio de tipo descriptivo, de corte transversal, tipo encuesta y de campo, adem&#xE1;s present&#xF3; un enfoque cualitativo-cuantitativo.&#xA0;Aplicaron t&#xE9;cnicas de revisi&#xF3;n documental, gu&#xED;a de entrevista, fichas bibliogr&#xE1;ficas, observaci&#xF3;n y el cuestionario. La muestra fue representada por 66 estudiantes, 2 directores, 20 docentes, 1 coordinador y 2 orientadores o psic&#xF3;logos. &#xA0;&#xA0;El estudio concluy&#xF3; que se pudo observar que los actores escolares, excepto los alumnos, son quienes determinan la conducta aceptable e inaceptable de los estudiantes en la escuela. Asimismo, la situaci&#xF3;n personal de los actores que juzgan la conducta influyente en dicha determinaci&#xF3;n. Por otra parte, el departamento de orientaci&#xF3;n y psicolog&#xED;a, tiene una funci&#xF3;n relacionada directamente con procurar una disciplina aceptable en el liceo. Para los profesores y los encargados de procurar la disciplina escolar, las conductas con una mayor manifestaci&#xF3;n de agresi&#xF3;n y falta de respeto hacia las personas, son consideradas como m&#xE1;s graves y por tanto merecedora de una sanci&#xF3;n mayor.Las principales recomendaciones del estudio, indicaron que es importante estudiar el impacto de las acciones del departamento de orientaci&#xF3;n y psicolog&#xED;a en la indisciplina de los estudiantes, as&#xED; como conocer como es la correspondencia entre la intervenci&#xF3;n de este departamento, ante la disciplina con las necesidades de los estudiantes a quienes atienden. Se requiere, facilitar a los docentes una capacitaci&#xF3;n o un espacio de formaci&#xF3;n continua sobre el manejo de conflictos y acerca de estrategias y t&#xE9;cnicas de trabajo de grupo, para procurar captar la atenci&#xF3;n e inter&#xE9;s del alumno y con ello evitar la indisciplina. Ser&#xED;a importante hacer modificaciones al reglamento del liceo, de tal forma que las orientadoras atiendan principalmente los casos de estudiantes que frecuentemente reinciden en la falta de disciplina o cometen actos graves de indisciplina.</subfield>
  </datafield>
  <datafield tag="921" ind1=" " ind2=" ">
    <subfield code="a">50</subfield>
  </datafield>
  <datafield tag="922" ind1=" " ind2=" ">
    <subfield code="a">50</subfield>
  </datafield>
  <datafield tag="923" ind1=" " ind2=" ">
    <subfield code="a">0</subfield>
  </datafield>
  <datafield tag="924" ind1=" " ind2=" ">
    <subfield code="a">NO APLICA</subfield>
  </datafield>
  <datafield tag="942" ind1=" " ind2=" ">
    <subfield code="c">Tesis</subfield>
  </datafield>
  <datafield tag="999" ind1=" " ind2=" ">
    <subfield code="c">5234</subfield>
    <subfield code="d">5234</subfield>
  </datafield>
</record>
